| 000 | 01160nam2a2200241 4500 | ||
|---|---|---|---|
| 001 | rc\2998814 | ||
| 005 | 20260407071443.0 | ||
| 035 | _a(NLR Aleph) 007142348 | ||
| 090 |
_a13614838 _c13614838 |
||
| 100 | _a20110920d1944 u y0rusy50 ca | ||
| 101 | 0 | _arus | |
| 102 | _aRU | ||
| 105 | _ay j ||||| | ||
| 200 | 1 |
_aИстория СССР. От древнейших времен до середины XV века _eКурс лекций, прочит. в Высшей парт. школе при ЦК ВКП(б) _fПроф. К.В. Базилевич |
|
| 210 | _d1944 | ||
| 215 | _a254 с. | ||
| 461 | 0 |
_1001rc\2998813 _12001#$a[Курс истории СССР]$fВысшая парт. школа при ЦК ВКП(б)$vЛекции 1-12 _97068429 _cМосква _d1944 _fВысшая парт. школа при ЦК ВКП(б) _nБ. и. _t[Курс истории СССР] _vЛекции 1-12 |
|
| 700 | 1 |
_7ca _8rus _aБазилевич _bК. В. _f1892-1950 _gКонстантин Васильевич _3RU\NLR\AUTH\770278682 _92650649 |
|
| 801 | 0 |
_aRU _bNLR _gpsbo |
|
| 801 | 1 |
_aRU _bELAR _2rusmarc |
|
| 852 |
_aNLR _jИр10 Г-5/27 |
||
| 942 | _cUNSPEC | ||
| 980 | _aNB | ||